000
00208 a2200097 4500
001
9363
100
_a
Stewart, D
245
_a
New babylon, a portrait of Iraq
260
_a
_b
Collins
_c
090
_c
7524
_d
7524
942
_a
NUST-CAE
_c
M
_c
34183
999
_c
244436
_d
244436